| 000 | 01010nam a22003137a 4500 | ||
|---|---|---|---|
| 005 | 20250813164038.0 | ||
| 008 | 160302b2013 xxu||||| |||| 00| 0 spa d | ||
| 020 | _a978958715043-8 | ||
| 041 | _aESP | ||
| 082 | _a658.409.2 M465d | ||
| 100 | _aMaxwell, John C | ||
| 245 | _aDesarrolle los líderes que están alrededor de usted: cómo ayudar a otros a alcanzar su máximo potencial | ||
| 260 | _aColombia | ||
| 260 | _bSan Pablo | ||
| 260 | _c2013 | ||
| 300 | _a171 páginas | ||
| 490 | _aDirección y Administración de Empresas | ||
| 650 | _aLIDERAZGO EJECUTIVO | ||
| 650 | _aLÍDERES POTENCIALES | ||
| 650 | _aOPORTUNIDADES DE CRECIMIENTO | ||
| 650 | _aEVALUACIÓN DE CUALIDADES DE LIDERAZGO | ||
| 650 | _aCUALIDADES QUE SE DEBEN DE BUSCAR EN UN LÍDER | ||
| 650 | _aREPRODUCIR LÍDERES | ||
| 650 | _aMENTALIDAD DE LIDERAZGO | ||
| 650 | _aDESARROLLO DE LÍDERES | ||
| 650 | _aFORMAR EL MEJOR EQUIPO DE LÍDERES | ||
| 650 | _aCUALIDADES DE UN EQUIPO DE LÍDERES | ||
| 942 |
_cBK _2ddc |
||
| 999 |
_c7759 _d7759 |
||